Геолого-технологические мероприятия на скважинах малорентабельных месторождений; Проблемы геологии и освоения недр; Т. 2
| Parent link: | Проблемы геологии и освоения недр: труды XIX Международного симпозиума имени академика М. А. Усова студентов и молодых ученых, посвященного 70-летнему юбилею Победы советского народа над фашистской Германией, Томск, 6-10 апреля 2015 г./ Национальный исследовательский Томский политехнический университет (ТПУ), Институт природных ресурсов (ИПР) ; Общество инженеров-нефтяников, международная некоммерческая организация, Студенческий чаптер ; под ред. А. Ю. Дмитриева.— , 2015 Т. 2.— [С. 118-120] |
|---|---|
| Автор: | |
| Співавтор: | |
| Інші автори: | , , |
| Резюме: | Заглавие с экрана |
| Мова: | Російська |
| Опубліковано: |
|
| Серія: | Современные технологии разработки нефтяных и газовых месторождений |
| Предмети: | |
| Онлайн доступ: | http://earchive.tpu.ru/handle/11683/22766 http://www.lib.tpu.ru/fulltext/c/2015/C11/V2/042.pdf |
| Формат: | Електронний ресурс Частина з книги |
| KOHA link: | https://koha.lib.tpu.ru/cgi-bin/koha/opac-detail.pl?biblionumber=615396 |
MARC
| LEADER | 00000naa2a2200000 4500 | ||
|---|---|---|---|
| 001 | 615396 | ||
| 005 | 20231101132845.0 | ||
| 035 | |a (RuTPU)RU\TPU\conf\13595 | ||
| 035 | |a RU\TPU\conf\13594 | ||
| 090 | |a 615396 | ||
| 100 | |a 20151109d2015 k y0rusy50 ca | ||
| 101 | 0 | |a rus | |
| 102 | |a RU | ||
| 105 | |a y z 100zy | ||
| 135 | |a drgn ---uucaa | ||
| 181 | 0 | |a i | |
| 182 | 0 | |a b | |
| 200 | 1 | |a Геолого-технологические мероприятия на скважинах малорентабельных месторождений |f С. Ю. Рябов, Р. М. Шайхисламов, С. В. Репчук |g науч. рук. Е. Н. Иванов | |
| 203 | |a Текст |c электронный | ||
| 225 | 1 | |a Современные технологии разработки нефтяных и газовых месторождений | |
| 230 | |a 1 компьютерный файл (pdf; 530 Kb) | ||
| 300 | |a Заглавие с экрана | ||
| 320 | |a [Библиогр.: с. 120 (3 назв.)] | ||
| 337 | |a Adobe Reader | ||
| 461 | 1 | |0 (RuTPU)RU\TPU\conf\12865 |t Проблемы геологии и освоения недр |o труды XIX Международного симпозиума имени академика М. А. Усова студентов и молодых ученых, посвященного 70-летнему юбилею Победы советского народа над фашистской Германией, Томск, 6-10 апреля 2015 г. |o в 2 т. |f Национальный исследовательский Томский политехнический университет (ТПУ), Институт природных ресурсов (ИПР) ; Общество инженеров-нефтяников, международная некоммерческая организация, Студенческий чаптер ; под ред. А. Ю. Дмитриева |d 2015 | |
| 463 | 1 | |0 (RuTPU)RU\TPU\conf\13350 |t Т. 2 |v [С. 118-120] | |
| 610 | 1 | |a труды учёных ТПУ | |
| 610 | 1 | |a электронный ресурс | |
| 610 | 1 | |a геолого-технологические исследования | |
| 610 | 1 | |a скважины | |
| 610 | 1 | |a малорентабельные месторождения | |
| 700 | 1 | |a Рябов |b С. Ю. | |
| 701 | 1 | |a Шайхисламов |b Р. М. | |
| 701 | 1 | |a Репчук |b С. В. | |
| 702 | 1 | |a Иванов |b Е. Н. |c специалист в области нефтегазового дела |c аспирант Томского политехнического университета |f 1987- |g Евгений Николаевич |2 stltpush |4 727 | |
| 712 | 0 | 2 | |a Национальный исследовательский Томский политехнический университет (ТПУ) |b Институт природных ресурсов (ИПР) |b Кафедра геологии и разработки нефтяных месторождений (ГРНМ) |h 258 |2 stltpush |3 (RuTPU)RU\TPU\col\18657 |
| 801 | 2 | |a RU |b 63413507 |c 20210118 |g RCR | |
| 856 | 4 | |u http://earchive.tpu.ru/handle/11683/22766 | |
| 856 | 4 | |u http://www.lib.tpu.ru/fulltext/c/2015/C11/V2/042.pdf | |
| 942 | |c BK | ||